PHARMACOGNOSY -1 (Record no. 8427)

MARC details
000 -LEADER
fixed length control field 00377nam a22001697a 4500
005 - DATE AND TIME OF LATEST TRANSACTION
control field 20231028160354.0
008 - FIXED-LENGTH DATA ELEMENTS--GENERAL INFORMATION
fixed length control field 231028b |||||||| |||| 00| 0 eng d
020 ## - INTERNATIONAL STANDARD BOOK NUMBER
ISBN 978936943873
041 ## - LANGUAGE CODE
Language code of text/sound track or separate title eng
082 ## - DEWEY DECIMAL CLASSIFICATION NUMBER
Classification number 613.3 KOK
100 ## - MAIN ENTRY--AUTHOR NAME
Personal name KOKATE C.K AND OTHERS
245 ## - TITLE STATEMENT
Title PHARMACOGNOSY -1
260 ## - PUBLICATION, DISTRIBUTION, ETC. (IMPRINT)
Place of publication PUNE
Name of publisher NIRALI
300 ## - PHYSICAL DESCRIPTION
Number of Pages 12.23
650 ## - SUBJECT ADDED ENTRY--TOPICAL TERM
Topical Term PHARMACY
942 ## - ADDED ENTRY ELEMENTS (KOHA)
Koha item type Books
Holdings
Lost status Damaged status Collection code Home library Current library Shelving location Date acquired Source of acquisition Full call number Accession Number Koha item type
    PHARMACY JRU Library JRU Library Shelf - 25- C 06/03/2019 LOB 613.3 KOK 22905 Books
    PHARMACY JRU Library JRU Library Shelf - 25- C 06/03/2019   613.3 KOK 22906 Books
    PHARMACY JRU Library JRU Library Shelf - 25- C 06/03/2019   613.3 KOK 22907 Books